| 000 | 00314nam a2200097Ia 4500 | ||
|---|---|---|---|
| 082 | _a153.69 REIM | ||
| 245 | 0 | _aThe power of body language : how to succeed in every business and social encounter | |
| 100 |
_a Reiman, Tonya New York, 2009 _976559 |
||
| 942 | _cBK | ||
| 008 | 210817s9999 xx 000 0 und d | ||
| 999 |
_c255321 _d255320 |
||